|
|
|
|
| LEADER |
02984nam a22005775i 4500 |
| 001 |
978-3-540-27592-3 |
| 003 |
DE-He213 |
| 005 |
20151204163546.0 |
| 007 |
cr nn 008mamaa |
| 008 |
100301s2005 gw | s |||| 0|eng d |
| 020 |
|
|
|a 9783540275923
|9 978-3-540-27592-3
|
| 024 |
7 |
|
|a 10.1007/3-540-27592-4
|2 doi
|
| 040 |
|
|
|d GrThAP
|
| 050 |
|
4 |
|a GB400-649
|
| 072 |
|
7 |
|a RBGD
|2 bicssc
|
| 072 |
|
7 |
|a SCI031000
|2 bisacsh
|
| 082 |
0 |
4 |
|a 551.41
|2 23
|
| 100 |
1 |
|
|a Chiang, Wen-Hsing.
|e author.
|
| 245 |
1 |
0 |
|a 3D-Groundwater Modeling with PMWIN
|h [electronic resource] :
|b A Simulation System for Modeling Groundwater Flow and Transport Processes /
|c by Wen-Hsing Chiang.
|
| 250 |
|
|
|a Second Edition.
|
| 264 |
|
1 |
|a Berlin, Heidelberg :
|b Springer Berlin Heidelberg,
|c 2005.
|
| 300 |
|
|
|a XXV, 397 p.
|b online resource.
|
| 336 |
|
|
|a text
|b txt
|2 rdacontent
|
| 337 |
|
|
|a computer
|b c
|2 rdamedia
|
| 338 |
|
|
|a online resource
|b cr
|2 rdacarrier
|
| 347 |
|
|
|a text file
|b PDF
|2 rda
|
| 505 |
0 |
|
|a Modeling Environment -- The Advective Transport Model PMPATH -- Tutorials -- Examples and Applications -- Supplementary Information.
|
| 520 |
|
|
|a Processing Modflow is one of the most complete three-dimensional groundwater and transport simulation systems in the world. The text and the companion full-version software (PMWIN) offer a totally integrated simulation system. PMWIN comes with a professional graphical user-interface, supported models and programs and several other useful modeling tools. The graphical user-interface allow one to create and simulate models with ease and fun. It can import DXF- and raster graphics and handle models with up to 1000 stress periods, 80 layers and 250,000 cells in each model layer. The model tools include a Presentation Tool, a Result Extractor, a Field Interpolator, a Field Generator, a Water Budget Calculator and a Graphic Viewer. Book targeted at novice and experienced groundwater modelers. The typical user is working as a hydrogeological or environmental consultant, in a water company, in a regulatory agency or a university.
|
| 650 |
|
0 |
|a Geography.
|
| 650 |
|
0 |
|a Hydrology.
|
| 650 |
|
0 |
|a Earth sciences.
|
| 650 |
|
0 |
|a Geology.
|
| 650 |
|
0 |
|a Geomorphology.
|
| 650 |
|
0 |
|a Engineering geology.
|
| 650 |
|
0 |
|a Engineering
|x Geology.
|
| 650 |
|
0 |
|a Foundations.
|
| 650 |
|
0 |
|a Hydraulics.
|
| 650 |
|
0 |
|a Water pollution.
|
| 650 |
1 |
4 |
|a Geography.
|
| 650 |
2 |
4 |
|a Geomorphology.
|
| 650 |
2 |
4 |
|a Geology.
|
| 650 |
2 |
4 |
|a Earth Sciences, general.
|
| 650 |
2 |
4 |
|a Hydrology/Water Resources.
|
| 650 |
2 |
4 |
|a Geoengineering, Foundations, Hydraulics.
|
| 650 |
2 |
4 |
|a Waste Water Technology / Water Pollution Control / Water Management / Aquatic Pollution.
|
| 710 |
2 |
|
|a SpringerLink (Online service)
|
| 773 |
0 |
|
|t Springer eBooks
|
| 776 |
0 |
8 |
|i Printed edition:
|z 9783540275909
|
| 856 |
4 |
0 |
|u http://dx.doi.org/10.1007/3-540-27592-4
|z Full Text via HEAL-Link
|
| 912 |
|
|
|a ZDB-2-EES
|
| 950 |
|
|
|a Earth and Environmental Science (Springer-11646)
|